[Event "Titled Tuesday intern op 20th Jun Late"]
[Site "Chess.com INT"]
[Date "2023.06.20"]
[Round "4"]
[White "Rodrigues, Bruno Morado"]
[Black "Mizzi, Jack"]
[Result "0-1"]
[WhiteElo "2033"]
[BlackElo "1986"]
[PlyCount "140"]
[EventDate "2023.06.20"]
[EventType "swiss (blitz)"]
[EventRounds "11"]
[EventCountry "USA"]
[SourceTitle "EXT 2024"]
[Source "ChessBase"]
[SourceDate "2023.10.10"]
[SourceVersion "1"]
[SourceVersionDate "2023.10.10"]
[SourceQuality "1"]

1. d4 Nf6 2. Nc3 d5 3. Bg5 e6 4. e4 dxe4 5. Nxe4 Be7 6. Bxf6 Bxf6 7. Ne2 0-0 8. g3 e5 9. d5 Bf5 10. Bg2 c6 11. 0-0 cxd5 12. Qxd5 Nc6 13. Rad1 Qe7 14. Rfe1 Rfd8 15. Qb3 Rxd1 16. Rxd1 Rd8 17. c3 h6 18. Rxd8+ Nxd8 19. Qa4 g6 20. Qxa7 Kg7 21. Qc5 Qd7 22. Qd6 Qe7 23. Qxf6+ Qxf6 24. Nxf6 Kxf6 25. c4 Bd3 26. Nc3 Bxc4 27. b3 Be6 28. Ne4+ Ke7 29. Nc5 Bc8 30. a4 b6 31. Nd3 Kd6 32. Kf1 f5 33. Ke2 Ne6 34. Kd2 Nd4 35. Kc3 Be6 36. b4 Ne2+ 37. Kd2 Nd4 38. a5 bxa5 39. bxa5 Nb3+ 40. Ke3 Nxa5 41. h4 Nc4+ 42. Ke2 Nb6 43. Nb4 Bc4+ 44. Ke3 Nd5+ 45. Nxd5 Bxd5 46. Bf1 g5 47. hxg5 hxg5 48. Be2 Kc5 49. Bh5 Kc4 50. f3 Kc3 51. Bg6 f4+ 52. gxf4 exf4+ 53. Ke2 Kd4 54. Bf5 Ke5 55. Bd3 Be6 56. Kf2 Bf5 57. Bxf5 Kxf5 58. Ke2 Ke5 59. Kd3 Kd5 60. Kc3 Ke5 61. Kd3 Kf5 62. Kd4 Kg6 63. Ke4 Kh5 64. Kf5 Kh4 65. Ke4 Kg3 66. Kf5 Kxf3 67. Kxg5 Kg3 68. Kf5 f3 69. Ke4 f2 70. Ke3 f1Q 0-1

[Event "Titled Tuesday intern op 09th Aug Late"]
[Site "Chess.com INT"]
[Date "2022.08.09"]
[Round "1"]
[White "Rodrigues, Bruno Morado"]
[Black "Goldin, Alexander"]
[Result "1/2-1/2"]
[WhiteElo "2033"]
[BlackElo "2542"]
[PlyCount "116"]
[EventDate "2022.08.09"]
[EventType "swiss (blitz)"]
[EventRounds "11"]
[EventCountry "USA"]
[SourceTitle "EXT 2023"]
[Source "ChessBase"]
[SourceDate "2022.10.05"]
[SourceVersion "1"]
[SourceVersionDate "2022.10.05"]
[SourceQuality "1"]

1. d4 d5 2. Nc3 Nf6 3. Bg5 Nbd7 4. Qd3 c6 5. f3 Qb6 6. 0-0-0 e6 7. e4 h6 8. Bh4 Bb4 9. e5 Nh7 10. f4 Bxc3 11. Qxc3 a5 12. Bd3 Qb4 13. Ne2 Qxc3 14. Nxc3 b6 15. Rhf1 g6 16. g4 Ba6 17. f5 Bxd3 18. Rxd3 Nhf8 19. fxe6 Nxe6 20. Ne2 0-0 21. Rdf3 c5 22. c3 cxd4 23. cxd4 Rac8+ 24. Kb1 Rce8 25. Rc1 Rc8 26. Rcf1 Rce8 27. Rd1 g5 28. Bf2 f6 29. exf6 Rxf6 30. Rxf6 Nxf6 31. Nc3 Nxg4 32. Bg3 Rd8 33. Re1 Kf7 34. h3 Nf6 35. Be5 Ke7 36. Rf1 Nd7 37. Nxd5+ Ke8 38. Bd6 Rc8 39. Nf6+ Nxf6 40. Rxf6 Kd7 41. Be5 Re8 42. Rxh6 Kc6 43. Kc2 Kd5 44. Kd3 Rf8 45. Rf6 Rxf6 46. Bxf6 Nf4+ 47. Ke3 Nxh3 48. Bd8 b5 49. Bxa5 Nf4 50. Bb6 Ne6 51. a3 g4 52. b3 g3 53. Kf3 Nxd4+ 54. Bxd4 Kxd4 55. a4 bxa4 56. bxa4 Kc4 57. Kxg3 Kb4 58. Kf3 Kxa4 1/2-1/2

[Event "Titled Tuesday intern op 31st May Late"]
[Site "Chess.com INT"]
[Date "2022.05.31"]
[Round "3"]
[White "Rodrigues, Bruno Morado"]
[Black "Martic, Ivan"]
[Result "0-1"]
[WhiteElo "2033"]
[BlackElo "2314"]
[PlyCount "86"]
[EventDate "2022.05.31"]
[EventType "swiss (blitz)"]
[EventRounds "11"]
[EventCountry "USA"]
[SourceTitle "CBM 208 Extra"]
[Source "ChessBase"]
[SourceDate "2022.07.31"]
[SourceVersion "1"]
[SourceVersionDate "2022.07.31"]
[SourceQuality "1"]

1. d4 d5 2. Nc3 Nf6 3. Bg5 Bf5 4. f3 h6 5. Bh4 c6 6. e3 e6 7. Bd3 Bxd3 8. Qxd3 Be7 9. Nge2 a5 10. e4 a4 11. e5 Nfd7 12. Bxe7 Qxe7 13. a3 0-0 14. f4 c5 15. 0-0 Nc6 16. Nb5 cxd4 17. Nexd4 Nc5 18. Qe3 Nxd4 19. Qxd4 Ne4 20. Rf3 Rfc8 21. c3 Ra5 22. Qd3 Nc5 23. Qe2 Nb3 24. Rd1 Qc5+ 25. Nd4 Nxd4 26. Rxd4 Rb5 27. f5 exf5 28. e6 fxe6 29. Qxe6+ Kh8 30. Rxf5 Rxb2 31. Rfxd5 Rb1+ 32. Kf2 Rf8+ 33. Kg3 Qxc3+ 34. Rd3 Qc7+ 35. Kh3 Rh1 36. g3 Qc1 37. Rf5 Rf1 38. Rxf8+ Rxf8 39. Qd5 Qf1+ 40. Kh4 Qf6+ 41. Kh3 Qf1+ 42. Kh4 Rf5 43. Qxb7 Qxd3 0-1

[Event "Titled Tuesday intern op 26th Apr Early"]
[Site "Chess.com INT"]
[Date "2022.04.26"]
[Round "6"]
[White "Khusenkhojaev, Muhammad"]
[Black "Rodrigues, Bruno Morado"]
[Result "1-0"]
[WhiteElo "2422"]
[BlackElo "2033"]
[PlyCount "83"]
[EventDate "2022.04.26"]
[EventType "swiss (blitz)"]
[EventRounds "11"]
[EventCountry "USA"]
[SourceTitle "CBM 208 Extra"]
[Source "ChessBase"]
[SourceDate "2022.07.31"]
[SourceVersion "1"]
[SourceVersionDate "2022.07.31"]
[SourceQuality "1"]

1. e4 c5 2. Nf3 Nc6 3. d4 cxd4 4. Nxd4 e5 5. Nb5 d6 6. Be3 Be7 7. N1c3 Nf6 8. Nd5 Nxd5 9. exd5 Nb8 10. a4 a6 11. Na3 0-0 12. Nc4 Nd7 13. a5 f5 14. f3 Bg5 15. Bxg5 Qxg5 16. Nxd6 Qh4+ 17. Ke2 e4 18. g3 exf3+ 19. Kxf3 Qb4 20. Nc4 Ne5+ 21. Nxe5 Qe4+ 22. Kf2 Qxh1 23. Nf3 f4 24. Bg2 fxg3+ 25. Kxg3 Qxd1 26. Rxd1 Bf5 27. c4 Rac8 28. Rc1 Rfe8 29. Nd4 Bd7 30. c5 Re3+ 31. Kf4 Rd3 32. Ke5 Re8+ 33. Kd6 Rxd4 34. Kxd7 Re2 35. Bh1 Rxb2 36. d6 Rdd2 37. Kc7 Rdc2 38. Rxc2 Rxc2 39. d7 Rxc5+ 40. Kb8 Rc1 41. d8Q+ Kf7 42. Qd5+ 1-0

[Event "Titled Tuesday intern op 26th Apr Early"]
[Site "Chess.com INT"]
[Date "2022.04.26"]
[Round "2"]
[White "Urazayev, Arystanbek"]
[Black "Rodrigues, Bruno Morado"]
[Result "1-0"]
[WhiteElo "2420"]
[BlackElo "2033"]
[PlyCount "59"]
[EventDate "2022.04.26"]
[EventType "swiss (blitz)"]
[EventRounds "11"]
[EventCountry "USA"]
[SourceTitle "CBM 208 Extra"]
[Source "ChessBase"]
[SourceDate "2022.07.31"]
[SourceVersion "1"]
[SourceVersionDate "2022.07.31"]
[SourceQuality "1"]

1. d4 d5 2. c4 c6 3. f3 Nf6 4. Nc3 e6 5. cxd5 exd5 6. Bf4 Bd6 7. Bxd6 Qxd6 8. e3 0-0 9. Bd3 Nbd7 10. Nge2 Re8 11. Qd2 Qe7 12. Kf2 Nf8 13. Ng3 Bd7 14. Rhe1 Rad8 15. Kg1 Bc8 16. Qf2 Qc7 17. Rad1 Re7 18. h3 Rde8 19. e4 dxe4 20. fxe4 Qb6 21. e5 Nd5 22. Nce4 Rd8 23. Nd6 Ne6 24. Ngf5 Rc7 25. Be4 g6 26. Nh6+ Kg7 27. Bxd5 cxd5 28. Nhxf7 Rf8 29. Qf6+ Kg8 30. Nh6# 1-0

[Event "Titled Tuesday intern op 26th Apr Early"]
[Site "Chess.com INT"]
[Date "2022.04.26"]
[Round "4"]
[White "Vlassov, Nikolai"]
[Black "Rodrigues, Bruno Morado"]
[Result "1/2-1/2"]
[WhiteElo "2294"]
[BlackElo "2033"]
[PlyCount "135"]
[EventDate "2022.04.26"]
[EventType "swiss (blitz)"]
[EventRounds "11"]
[EventCountry "USA"]
[SourceTitle "CBM 208 Extra"]
[Source "ChessBase"]
[SourceDate "2022.07.31"]
[SourceVersion "1"]
[SourceVersionDate "2022.07.31"]
[SourceQuality "1"]

1. e4 c5 2. c3 d5 3. exd5 Qxd5 4. d4 Nc6 5. Nf3 Bg4 6. Be2 e6 7. 0-0 Nf6 8. Be3 cxd4 9. cxd4 Be7 10. Nc3 Qd6 11. h3 Bh5 12. Qb3 0-0 13. Rfd1 Rfd8 14. g4 Bg6 15. Ne5 Nxe5 16. dxe5 Qxe5 17. Rxd8+ Rxd8 18. Qxb7 Bc5 19. Rd1 Re8 20. Qb5 Bd6 21. Qxe5 Bxe5 22. Bxa7 h5 23. g5 Bxc3 24. bxc3 Ne4 25. Rc1 Ra8 26. Be3 Rxa2 27. Bf3 Ra8 28. c4 Rc8 29. c5 Kf8 30. c6 Ke7 31. c7 Kd7 32. Bf4 f6 33. Rd1+ Ke7 34. Bxe4 Bxe4 35. Bd6+ Kd7 36. gxf6 gxf6 37. Bg3+ Ke7 38. Bd6+ Kd7 39. Bg3+ Ke7 40. Rd4 Bb7 41. Bd6+ Kd7 42. Bg3+ Bd5 43. Rh4 e5 44. Rxh5 Rxc7 45. f4 Rc1+ 46. Kf2 Rc2+ 47. Ke1 Rc3 48. Bh4 Ke6 49. Rh6 exf4 50. Bxf6 Re3+ 51. Kf2 Kf5 52. Bd4 Rf3+ 53. Ke2 Ra3 54. Bc5 Ra2+ 55. Kd3 Be4+ 56. Kd4 Rd2+ 57. Kc3 Rd3+ 58. Kc4 Rd7 59. Rh8 f3 60. Rf8+ Kg5 61. Bd4 Rc7+ 62. Kb5 Kh4 63. Rf4+ Kxh3 64. Rxe4 Rf7 65. Re1 f2 66. Rf1 Kg2 67. Rxf2+ Rxf2 68. Bxf2 1/2-1/2

[Event "Titled Tuesday intern op 10th Aug"]
[Site "Chess.com INT"]
[Date "2021.08.10"]
[Round "2"]
[White "Pridorozhni, Aleksei"]
[Black "Rodrigues, Bruno Morado"]
[Result "1-0"]
[WhiteElo "2550"]
[BlackElo "2033"]
[PlyCount "87"]
[EventDate "2021.08.10"]
[EventType "swiss (blitz)"]
[EventRounds "11"]
[EventCountry "USA"]
[SourceTitle "CBM 203 Extra"]
[Source "ChessBase"]
[SourceDate "2021.09.30"]
[SourceVersion "1"]
[SourceVersionDate "2021.09.30"]
[SourceQuality "1"]

1. e4 c5 2. Nc3 Nc6 3. Bb5 Nd4 4. Nf3 g6 5. 0-0 Bg7 6. Nxd4 cxd4 7. Ne2 e6 8. c3 Ne7 9. Nxd4 Qb6 10. Ba4 Bxd4 11. cxd4 Qxd4 12. d3 0-0 13. Rb1 d5 14. Be3 Qf6 15. f4 dxe4 16. dxe4 b5 17. Bxb5 Bb7 18. Bd4 Qh4 19. Qe2 Rfd8 20. Bc3 Rab8 21. Ba4 Nc8 22. Rbe1 Nd6 23. Bc2 Bc6 24. Bd3 Nb5 25. Be5 Rb7 26. Qe3 Rbd7 27. Bc2 Rd2 28. Rf2 R2d7 29. g3 Qh5 30. Bf6 Rc8 31. Rd2 Rcc7 32. Ree2 Nd6 33. b3 Ne8 34. Bb2 Bb5 35. Rf2 Qh3 36. Rxd7 Rxd7 37. a4 Ba6 38. b4 Bb7 39. b5 Qg4 40. Kg2 f6 41. h3 Qh5 42. Kh2 Kf7 43. Rd2 Nd6 44. Ba3 1-0

[Event "Titled Tuesday intern op 10th Aug"]
[Site "Chess.com INT"]
[Date "2021.08.10"]
[Round "9"]
[White "Rodrigues, Bruno Morado"]
[Black "Ovezdurdiyeva, Jemal"]
[Result "0-1"]
[WhiteElo "2033"]
[BlackElo "2061"]
[PlyCount "86"]
[EventDate "2021.08.10"]
[EventType "swiss (blitz)"]
[EventRounds "11"]
[EventCountry "USA"]
[SourceTitle "CBM 203 Extra"]
[Source "ChessBase"]
[SourceDate "2021.09.30"]
[SourceVersion "1"]
[SourceVersionDate "2021.09.30"]
[SourceQuality "1"]

1. d4 Nf6 2. Nc3 g6 3. e4 d6 4. g3 Bg7 5. Bg2 0-0 6. Nge2 e5 7. h3 Nc6 8. Be3 exd4 9. Nxd4 Bd7 10. 0-0 Re8 11. Qd2 a6 12. f4 Na5 13. b3 c5 14. Nde2 Bc6 15. Nd5 Nxe4 16. Qd3 Bxa1 17. Rxa1 Bxd5 18. Qxd5 Nxg3 19. Nxg3 Rxe3 20. Ne4 Qh4 21. Nxd6 Rf8 22. Qxc5 Qxf4 23. Rf1 Qg3 24. Qxa5 Qxd6 25. Qg5 Rg3 26. Qh4 Rd8 27. c4 Qd4+ 28. Qxd4 Rxd4 29. Kh2 Rg5 30. Bd5 Rd2+ 31. Kh1 Rf5 32. Rxf5 gxf5 33. Bxb7 Rxa2 34. c5 Rc2 35. b4 a5 36. bxa5 Rxc5 37. a6 Ra5 38. Kg2 Ra3 39. Bc8 f4 40. Bb7 Kg7 41. Bc8 Kf6 42. a7 Rxa7 43. Kf3 Kg5 0-1

[Event "Titled Tuesday intern op 03rd Aug"]
[Site "Chess.com INT"]
[Date "2021.08.03"]
[Round "3"]
[White "Kubatko, Ivan"]
[Black "Rodrigues, Bruno Morado"]
[Result "0-1"]
[WhiteElo "2257"]
[BlackElo "2033"]
[PlyCount "100"]
[EventDate "2021.08.03"]
[EventType "swiss (blitz)"]
[EventRounds "11"]
[EventCountry "USA"]
[SourceTitle "CBM 203 Extra"]
[Source "ChessBase"]
[SourceDate "2021.09.30"]
[SourceVersion "1"]
[SourceVersionDate "2021.09.30"]
[SourceQuality "1"]

1. d4 d5 2. Nf3 Nf6 3. Bf4 Bf5 4. e3 e6 5. Nbd2 Bd6 6. Ne5 0-0 7. c4 Nfd7 8. Nxd7 Qxd7 9. Bg3 Nc6 10. a3 Rfe8 11. cxd5 exd5 12. Bb5 a6 13. Bxc6 Qxc6 14. Bxd6 Qxd6 15. 0-0 Re6 16. Re1 Rh6 17. Nf1 Re8 18. Qf3 Be4 19. Qg3 Qb6 20. f3 Bd3 21. Qf2 Ree6 22. Rad1 Qb3 23. Qd2 Bxf1 24. Kxf1 Rxh2 25. Kg1 Rhh6 26. Rc1 c6 27. Re2 Qb6 28. b4 Qc7 29. f4 Qe7 30. Qe1 Reg6 31. a4 Rd6 32. b5 axb5 33. axb5 Rhe6 34. bxc6 bxc6 35. Kf2 g6 36. g3 h5 37. Qa5 Re4 38. Rc3 h4 39. Qa8+ Kg7 40. Rxc6 hxg3+ 41. Kf3 Rd8 42. Rc8 Rxc8 43. Qxc8 g2 44. Qg4 Qa7 45. Qxg2 Qa3 46. Qf2 Rxd4 47. Kg2 Re4 48. Qf3 Qd3 49. Qf2 d4 50. exd4 Rxe2 0-1

[Event "Titled Tuesday intern op 03rd Aug"]
[Site "Chess.com INT"]
[Date "2021.08.03"]
[Round "1"]
[White "Rodrigues, Bruno Morado"]
[Black "Strybuk, Artsiom I"]
[Result "1/2-1/2"]
[WhiteElo "2033"]
[BlackElo "2241"]
[PlyCount "135"]
[EventDate "2021.08.03"]
[EventType "swiss (blitz)"]
[EventRounds "11"]
[EventCountry "USA"]
[SourceTitle "CBM 203 Extra"]
[Source "ChessBase"]
[SourceDate "2021.09.30"]
[SourceVersion "1"]
[SourceVersionDate "2021.09.30"]
[SourceQuality "1"]

1. d4 Nf6 2. Nc3 d5 3. Bg5 Nbd7 4. Qd3 c6 5. f3 e5 6. dxe5 Nxe5 7. Qd4 Bd6 8. e4 0-0 9. Bxf6 Qxf6 10. exd5 Bf5 11. 0-0-0 Rad8 12. Nge2 Rfe8 13. f4 Ng4 14. Qxf6 gxf6 15. Rd2 Bc5 16. Ng3 Bc8 17. Nd1 Rxd5 18. Rxd5 cxd5 19. Bd3 Nf2 20. Nxf2 Bxf2 21. Rf1 Be3+ 22. Kb1 Bxf4 23. a3 Bg5 24. Nh5 Bd7 25. Rxf6 Re1+ 26. Ka2 Be6 27. Rf2 d4+ 28. b3 Rd1 29. g3 Bd2 30. Nf4 Bc3 31. Rf1 Rxf1 32. Bxf1 Bf5 33. Bd3 Bxd3 34. Nxd3 Kg7 35. Kb1 Kf6 36. Kc1 Kf5 37. Nf2 Be1 38. Nd3 Ba5 39. Nf2 h5 40. Kd1 Bc7 41. Ke2 h4 42. Kf3 hxg3 43. hxg3 Bd6 44. a4 a6 45. g4+ Ke5 46. Nd3+ Kd5 47. Nf2 b5 48. axb5 axb5 49. Ne4 Be7 50. Kf4 Ke6 51. g5 Bd8 52. Nd2 Bc7+ 53. Kg4 Ke5 54. Nf3+ Ke4 55. Ne1 Bd8 56. Nd3 Ke3 57. Ne5 Kd2 58. Nxf7 Bxg5 59. Kxg5 Kxc2 60. Ne5 d3 61. Kf4 d2 62. Ng4 b4 63. Ke4 d1Q 64. Ne3+ Kxb3 65. Nxd1 Kc4 66. Ne3+ Kb5 67. Nd5 Ka5 68. Nxb4 1/2-1/2

[Event "Titled Tuesday intern op 03rd Aug"]
[Site "Chess.com INT"]
[Date "2021.08.03"]
[Round "5"]
[White "Zhao, Erick"]
[Black "Rodrigues, Bruno Morado"]
[Result "1-0"]
[WhiteElo "2121"]
[BlackElo "2033"]
[PlyCount "53"]
[EventDate "2021.08.03"]
[EventType "swiss (blitz)"]
[EventRounds "11"]
[EventCountry "USA"]
[SourceTitle "CBM 203 Extra"]
[Source "ChessBase"]
[SourceDate "2021.09.30"]
[SourceVersion "1"]
[SourceVersionDate "2021.09.30"]
[SourceQuality "1"]

1. e4 c5 2. Nf3 Nc6 3. Bb5 e6 4. 0-0 Nge7 5. c3 a6 6. Ba4 d5 7. exd5 Nxd5 8. Bxc6+ bxc6 9. d4 cxd4 10. cxd4 Be7 11. Nc3 Bf6 12. Ne4 0-0 13. Nxf6+ Qxf6 14. Bg5 Qg6 15. Rc1 Bd7 16. h4 f6 17. Bd2 Rab8 18. b3 e5 19. dxe5 Bg4 20. Rxc6 Qh5 21. e6 Rfd8 22. Ba5 Re8 23. Rc5 Bxe6 24. Nd4 Bg4 25. f3 Bd7 26. Nf5 Bxf5 27. Qxd5+ 1-0

[Event "Titled Tuesday intern op 13th July"]
[Site "Chess.com INT"]
[Date "2021.07.13"]
[Round "7"]
[White "Rodrigues, Bruno Morado"]
[Black "Kuderinov, Kirill"]
[Result "1-0"]
[WhiteElo "2033"]
[BlackElo "2409"]
[PlyCount "103"]
[EventDate "2021.07.13"]
[EventType "swiss (blitz)"]
[EventRounds "11"]
[EventCountry "USA"]
[SourceTitle "CBM 203 Extra"]
[Source "ChessBase"]
[SourceDate "2021.09.30"]
[SourceVersion "1"]
[SourceVersionDate "2021.09.30"]
[SourceQuality "1"]

1. d4 Nf6 2. Nc3 e6 3. e4 c5 4. Bg5 cxd4 5. Qxd4 Nc6 6. Qa4 Be7 7. Nf3 0-0 8. 0-0-0 h6 9. h4 a6 10. e5 Nh7 11. Bxe7 Qxe7 12. Ne4 Qb4 13. Qxb4 Nxb4 14. c3 Nd5 15. Bc4 Ne7 16. Nd6 b5 17. Bd3 Rb8 18. Be4 b4 19. c4 a5 20. b3 Ba6 21. Kb2 Rfd8 22. Rd2 Nc8 23. Rhd1 f6 24. Nxc8 Bxc8 25. Nd4 Bb7 26. Bxb7 Rxb7 27. exf6 Nxf6 28. Nxe6 Re8 29. Nc5 Rc7 30. Nd3 d5 31. cxd5 Nxd5 32. g3 Nc3 33. Rc1 Rd7 34. Rcc2 Red8 35. Rxc3 bxc3+ 36. Kxc3 Rc8+ 37. Kb2 Rcd8 38. Kc2 Kf7 39. Ne5+ Ke6 40. Rxd7 Rxd7 41. Nxd7 Kxd7 42. Kd3 Ke6 43. Ke4 g6 44. g4 h5 45. gxh5 gxh5 46. f4 Kf6 47. f5 Ke7 48. Ke5 Kf7 49. f6 Ke8 50. Ke6 Kf8 51. f7 a4 52. bxa4 1-0

[Event "Titled Tuesday intern op 06th July"]
[Site "Chess.com INT"]
[Date "2021.07.06"]
[Round "4"]
[White "Broca Jimenez, Fernando"]
[Black "Rodrigues, Bruno Morado"]
[Result "1-0"]
[WhiteElo "2075"]
[BlackElo "2033"]
[PlyCount "73"]
[EventDate "2021.07.06"]
[EventType "swiss (blitz)"]
[EventRounds "11"]
[EventCountry "USA"]
[SourceTitle "EXT 2022"]
[Source "ChessBase"]
[SourceDate "2021.10.06"]
[SourceVersion "1"]
[SourceVersionDate "2021.10.06"]
[SourceQuality "1"]

1. e4 c5 2. Nf3 Nc6 3. d4 cxd4 4. Nxd4 e5 5. Nb5 d6 6. N1c3 a6 7. Na3 b5 8. Nd5 Nce7 9. c4 Nxd5 10. cxd5 f5 11. Bd3 fxe4 12. Bxe4 Nf6 13. Bg5 Be7 14. Bf3 0-0 15. 0-0 Bf5 16. Bxf6 Bxf6 17. Rc1 e4 18. Bg4 Bxb2 19. Bxf5 Rxf5 20. Nc2 Bxc1 21. Qxc1 Rxd5 22. Ne3 Rd3 23. Qc6 d5 24. Rc1 Rb8 25. Qe6+ Kh8 26. Nf5 h6 27. Nxh6 gxh6 28. Qxh6+ Kg8 29. Qg6+ Kf8 30. Qh6+ Ke7 31. Qg5+ Kf7 32. Qf4+ Kg6 33. Rc6+ Kg7 34. Qe5+ Kf7 35. Qf5+ Ke7 36. Qf6+ Kd7 37. Qe6# 1-0

[Event "Titled Tuesday intern op 06th July"]
[Site "Chess.com INT"]
[Date "2021.07.06"]
[Round "2"]
[White "Rodrigues, Bruno Morado"]
[Black "Donatti, Alvaro"]
[Result "1-0"]
[WhiteElo "2033"]
[BlackElo "2193"]
[PlyCount "83"]
[EventDate "2021.07.06"]
[EventType "swiss (blitz)"]
[EventRounds "11"]
[EventCountry "USA"]
[SourceTitle "EXT 2022"]
[Source "ChessBase"]
[SourceDate "2021.10.06"]
[SourceVersion "1"]
[SourceVersionDate "2021.10.06"]
[SourceQuality "1"]

1. d4 Nf6 2. Nc3 d5 3. Bg5 Bf5 4. f3 Bg6 5. e3 h6 6. Bh4 e6 7. e4 dxe4 8. fxe4 Bh7 9. e5 g5 10. Bf2 Nd5 11. Bd3 Bxd3 12. Qxd3 Bb4 13. Nge2 Nc6 14. 0-0 Qe7 15. Ne4 0-0-0 16. c3 Ba5 17. b4 Bb6 18. a4 a5 19. bxa5 Nxa5 20. Rfb1 Nf4 21. Nxf4 gxf4 22. Nf6 Qf8 23. Qe4 Qg7 24. Rb5 Nc4 25. a5 f3 26. Qxf3 Nxe5 27. dxe5 Bxf2+ 28. Kxf2 c6 29. Rb2 Qg5 30. a6 Rd2+ 31. Rxd2 Qxd2+ 32. Kg1 Qb2 33. axb7+ Kxb7 34. Rd1 Qb6+ 35. Qf2 Qb3 36. Rd7+ Kc8 37. Qd2 Qb1+ 38. Kf2 Qf5+ 39. Kg1 Qb1+ 40. Qd1 Qf5 41. Rxf7 Qxe5 42. Qd7+ 1-0

[Event "Titled Tuesday intern op 06th July"]
[Site "Chess.com INT"]
[Date "2021.07.06"]
[Round "3"]
[White "Rodrigues, Bruno Morado"]
[Black "Matinian, Nikita"]
[Result "0-1"]
[WhiteElo "2033"]
[BlackElo "2436"]
[PlyCount "106"]
[EventDate "2021.07.06"]
[EventType "swiss (blitz)"]
[EventRounds "11"]
[EventCountry "USA"]
[SourceTitle "EXT 2022"]
[Source "ChessBase"]
[SourceDate "2021.10.06"]
[SourceVersion "1"]
[SourceVersionDate "2021.10.06"]
[SourceQuality "1"]

1. d4 f5 2. e4 fxe4 3. Nc3 d5 4. Qh5+ g6 5. Qxd5 Nd7 6. Nxe4 c6 7. Qg5 Ngf6 8. Bd3 Nxe4 9. Bxe4 Nf6 10. Bd3 Qxd4 11. Nf3 Qd5 12. 0-0 Bf5 13. Bxf5 gxf5 14. Bf4 Rg8 15. Rad1 Qe4 16. Rfe1 Rxg5 17. Rxe4 Rxg2+ 18. Kxg2 Nxe4 19. c3 e6 20. Nd4 Kf7 21. Re1 Bc5 22. f3 Rg8+ 23. Bg3 Nxg3 24. hxg3 Bxd4 25. cxd4 Rd8 26. Rh1 Kg6 27. Re1 Kf6 28. Rh1 Rxd4 29. Rxh7 Rd2+ 30. Kh3 Rxb2 31. g4 fxg4+ 32. fxg4 c5 33. Rc7 e5 34. Rxc5 Rxa2 35. Rb5 b6 36. Rd5 Re2 37. Kg3 Kg5 38. Kf3 Re1 39. Rd7 a5 40. Rb7 Rb1 41. Ke4 Kxg4 42. Rg7+ Kh5 43. Kxe5 a4 44. Kd4 b5 45. Kc3 a3 46. Ra7 b4+ 47. Kc2 Rb2+ 48. Kc1 Kg4 49. Rf7 b3 50. Ra7 Rc2+ 51. Kb1 a2+ 52. Ka1 Rc1+ 53. Kb2 Rb1+ 0-1

[Event "Titled Tuesday intern op 29th Dec"]
[Site "Chess.com INT"]
[Date "2020.12.29"]
[Round "2"]
[White "Fataliyeva, Ulviyya Hasil Qizi"]
[Black "Rodrigues, Bruno Morado"]
[Result "1-0"]
[WhiteElo "2301"]
[BlackElo "2033"]
[PlyCount "101"]
[EventDate "2020.12.29"]
[EventType "swiss (blitz)"]
[EventRounds "11"]
[EventCountry "USA"]
[SourceTitle "CBM 200 Extra"]
[Source "ChessBase"]
[SourceDate "2021.03.31"]
[SourceVersion "1"]
[SourceVersionDate "2021.03.31"]
[SourceQuality "1"]

1. d4 d5 2. c4 c6 3. cxd5 cxd5 4. Bf4 Nf6 5. Nc3 Nc6 6. e3 a6 7. Bd3 Bg4 8. Nge2 e6 9. 0-0 Bd6 10. Bxd6 Qxd6 11. f4 0-0 12. a3 Rac8 13. Qe1 Bxe2 14. Qxe2 b5 15. g4 Nd7 16. Rf3 f6 17. Rh3 g6 18. Qf2 Qe7 19. f5 exf5 20. gxf5 g5 21. Nxd5 Qf7 22. e4 Rfd8 23. Bb1 Nf8 24. Ba2 Kh8 25. Nb6 Qa7 26. Nxc8 Rxc8 27. d5 Nd4 28. Rd1 Ne2+ 29. Kf1 Qxf2+ 30. Kxf2 Nf4 31. Rc3 Re8 32. d6 Rxe4 33. d7 Nxd7 34. Rc8+ Kg7 35. Rxd7+ Kh6 36. Rh8 g4 37. Be6 Re2+ 38. Kf1 Rxe6 39. fxe6 Nxe6 40. Rhxh7+ Kg5 41. Rhe7 Nf4 42. Ra7 Nd3 43. Rxa6 Nxb2 44. Rb7 Nc4 45. Rxb5+ Kh4 46. Rb4 Nd2+ 47. Ke2 Nf3 48. Rxf6 Nxh2 49. Rh6+ Kg3 50. Rxh2 Kxh2 51. Rxg4 1-0

[Event "Titled Tuesday intern op 22nd Dec"]
[Site "Chess.com INT"]
[Date "2020.12.22"]
[Round "11"]
[White "Rodrigues, Bruno Morado"]
[Black "Rodchenkov, Sergey D"]
[Result "1-0"]
[WhiteElo "2033"]
[BlackElo "2346"]
[PlyCount "51"]
[EventDate "2020.12.22"]
[EventType "swiss (blitz)"]
[EventRounds "11"]
[EventCountry "USA"]
[SourceTitle "CBM 199 Extra"]
[Source "ChessBase"]
[SourceDate "2021.01.31"]
[SourceVersion "1"]
[SourceVersionDate "2021.01.31"]
[SourceQuality "1"]

1. d4 Nf6 2. Nc3 c5 3. Bg5 cxd4 4. Qxd4 Nc6 5. Qa4 d5 6. 0-0-0 e6 7. e4 d4 8. Nf3 Bc5 9. e5 h6 10. exf6 hxg5 11. fxg7 Rg8 12. Ne4 Be7 13. Nxd4 Bd7 14. Nxc6 bxc6 15. Nd6+ Bxd6 16. Rxd6 Rxg7 17. Ba6 Qc7 18. Rhd1 Rd8 19. Qd4 Rg8 20. Qf6 Qa5 21. Bb7 Qxa2 22. Bxc6 Qa1+ 23. Kd2 Qa6 24. Bxd7+ Rxd7 25. Rxd7 Kxd7 26. Qxf7+ 1-0

[Event "Titled Tuesday intern op 22nd Dec"]
[Site "Chess.com INT"]
[Date "2020.12.22"]
[Round "7"]
[White "Titus, Andrew L"]
[Black "Rodrigues, Bruno Morado"]
[Result "1-0"]
[WhiteElo "2158"]
[BlackElo "2033"]
[PlyCount "57"]
[EventDate "2020.12.22"]
[EventType "swiss (blitz)"]
[EventRounds "11"]
[EventCountry "USA"]
[SourceTitle "CBM 199 Extra"]
[Source "ChessBase"]
[SourceDate "2021.01.31"]
[SourceVersion "1"]
[SourceVersionDate "2021.01.31"]
[SourceQuality "1"]

1. e4 c5 2. Nf3 Nc6 3. d4 cxd4 4. Nxd4 e5 5. Nb5 d6 6. N1c3 a6 7. Na3 b5 8. Nd5 Nce7 9. c4 Nxd5 10. Qxd5 Be6 11. Qb7 bxc4 12. Nxc4 Rb8 13. Qc6+ Bd7 14. Qxa6 d5 15. exd5 Bb4+ 16. Bd2 Bb5 17. Nd6+ Qxd6 18. Bxb5+ Ke7 19. Qxd6+ Bxd6 20. a4 Nf6 21. 0-0 Nxd5 22. Rfd1 Nc7 23. Bf1 Rxb2 24. Bc3 Rb3 25. Rac1 Ra8 26. a5 Rxc3 27. Rxc3 Rxa5 28. Rc6 Rd5 29. Rxc7+ 1-0

[Event "Titled Tuesday intern op 15st Dec"]
[Site "Chess.com INT"]
[Date "2020.12.15"]
[Round "8"]
[White "Khademalsharieh, Sarasadat"]
[Black "Rodrigues, Bruno Morado"]
[Result "1-0"]
[WhiteElo "2494"]
[BlackElo "2033"]
[PlyCount "79"]
[EventDate "2020.12.15"]
[EventType "swiss (blitz)"]
[EventRounds "11"]
[EventCountry "USA"]
[SourceTitle "CBM 199 Extra"]
[Source "ChessBase"]
[SourceDate "2021.01.31"]
[SourceVersion "1"]
[SourceVersionDate "2021.01.31"]
[SourceQuality "1"]

1. d4 d5 2. c4 c6 3. Nf3 Nf6 4. e3 e6 5. b3 Nbd7 6. Bd3 Bd6 7. 0-0 0-0 8. Bb2 Qe7 9. Ne5 c5 10. Nd2 cxd4 11. exd4 dxc4 12. Ndxc4 Nd5 13. f4 N7f6 14. Qf3 b5 15. Nxd6 Qxd6 16. Bxb5 Bb7 17. Qh3 Rac8 18. Bd3 Nb4 19. Bb1 Be4 20. Bxe4 Nxe4 21. Qe3 Nf6 22. Ba3 Nc2 23. Bxd6 Nxe3 24. Bxf8 Nxf1 25. Bc5 Ne3 26. Nc4 Nxc4 27. bxc4 a6 28. Rc1 Ne4 29. Bb6 Rc6 30. c5 Kf8 31. Rc4 Nf6 32. Ra4 Nd5 33. Rxa6 Ke7 34. g3 Kf6 35. a4 Kg6 36. a5 Nb4 37. Ra8 Nc2 38. a6 Nxd4 39. a7 Nb5 40. Rb8 1-0